5HLuxD.jpg

KING HENRY VIII SENIOR AND PRIMARY SCHOOL LIBRARY OPAC

Queen of shadows : (Record no. 990)

000 -LEADER
fixed length control field 00994nam a22002297a 4500
005 - DATE AND TIME OF LATEST TRANSACTION
control field 20200310111415.0
008 - FIXED-LENGTH DATA ELEMENTS--GENERAL INFORMATION
fixed length control field 200310b ||||| |||| 00| 0 eng d
020 ## - INTERNATIONAL STANDARD BOOK NUMBER
International Standard Book Number 9781619636064
040 ## - CATALOGING SOURCE
Transcribing agency KH8
082 ## - DEWEY DECIMAL CLASSIFICATION NUMBER
Classification number FIC MAA
100 ## - MAIN ENTRY--PERSONAL NAME
Personal name Maas, Sarah J
Relator term author
245 ## - TITLE STATEMENT
Title Queen of shadows :
Remainder of title a Throne of glass novel /
Statement of responsibility, etc. Sarah J Maas
260 ## - PUBLICATION, DISTRIBUTION, ETC.
Place of publication, distribution, etc. New York, New York :
Name of publisher, distributor, etc. Bloomsbury,
Date of publication, distribution, etc. 2016. ©2015.
300 ## - PHYSICAL DESCRIPTION
Extent 648 pages :
Other physical details map ;
Dimensions 21 cm.
440 ## - SERIES STATEMENT/ADDED ENTRY--TITLE
Title Throne of glass ;
Number of part/section of a work Book 4.
500 ## - GENERAL NOTE
General note Includes excerpt from Empire of storms.<br/>Sequel to: Heir of fire.
520 ## - SUMMARY, ETC.
Summary, etc. Everyone Celaena Sardothien loves has been taken from her. Embracing her identity as Aelin Galathynius, Queen of Terrasen, Celaena returns to the empire--for vengeance, to rescue her once-glorious kingdom, and to confront the shadows of her past.
650 ## - SUBJECT ADDED ENTRY--TOPICAL TERM
Topical term or geographic name entry element Demoniac possession
Form subdivision Juvenile fiction.
650 ## - SUBJECT ADDED ENTRY--TOPICAL TERM
Topical term or geographic name entry element Homecoming
Form subdivision Juvenile fiction.
650 ## - SUBJECT ADDED ENTRY--TOPICAL TERM
Topical term or geographic name entry element Assassins
Form subdivision Juvenile fiction.
942 ## - ADDED ENTRY ELEMENTS (KOHA)
Source of classification or shelving scheme
Koha item type Books - Fiction
Holdings
Withdrawn status Lost status Source of classification or shelving scheme Damaged status Not for loan Collection code Permanent Location Current Location Shelving location Date acquired Total Checkouts Total Renewals Full call number Barcode Date last seen Date last checked out Price effective from Koha item type
          Fiction KH8 Senior School Library KH8 Senior School Library Young Adult 2020-03-10 6 1 FIC MAA 3KHSL000101733 2025-09-30 2025-09-29 2020-03-10 Books - Fiction

Powered By KH8 IT Dept